The RICS and MacDonald and Company Middle East salary survey 2007 (Record no. 108008)

MARC details
000 -LEADER
fixed length control field 01440cad a22002535a 4500
001 - CONTROL NUMBER
control field L142887
008 - FIXED-LENGTH DATA ELEMENTS--GENERAL INFORMATION
fixed length control field 080317s2007 xxkd f s 000 0 eng d
035 ## - SYSTEM CONTROL NUMBER
System control number (Sirsi) u142887
041 0# - LANGUAGE CODE
Language code of text/sound track or separate title eng
050 04 - LIBRARY OF CONGRESS CALL NUMBER
Classification number 331.281333 $2 18
110 2# - MAIN ENTRY--CORPORATE NAME
Corporate name or jurisdiction name as entry element Royal Institution of Chartered Surveyors
9 (RLIN) 4900
245 04 - TITLE STATEMENT
Title The RICS and MacDonald and Company Middle East salary survey 2007
Medium [electronic resource]
260 ## - PUBLICATION, DISTRIBUTION, ETC.
Place of publication, distribution, etc. London
Name of publisher, distributor, etc. Macdonald and Company
Place of publication, distribution, etc. London
Name of publisher, distributor, etc. RICS
Date of publication, distribution, etc. 2007
300 ## - PHYSICAL DESCRIPTION
Extent 24p.
Other physical details ill.
Dimensions 30cm.
520 ## - SUMMARY, ETC.
Summary, etc. Reports that the average salary for professionals in the property sector is 34 394 AED including housing and transport allowances, but excluding bonuses and other benefits. Those with MRICS or FRICS status averaged 47 373 AED as compared to 33 067 AED for non-members. RICS members averaged a salary 43% higher than non-members. The highest paying areas of prime professional activity were found to be CEO, Development Manager and Finances. Bahrain was the highest paying territory, with Dubai also beating the average salary for the region.
521 2# - TARGET AUDIENCE NOTE
Target audience note Advanced
590 ## - LOCAL NOTE (RLIN)
Local note KA
650 24 - SUBJECT ADDED ENTRY--TOPICAL TERM
Topical term or geographic name entry element RICS SALARY AND BENEFITS SURVEYS
651 #4 - SUBJECT ADDED ENTRY--GEOGRAPHIC NAME
Geographic name Middle East
690 ## - LOCAL SUBJECT ADDED ENTRY--TOPICAL TERM (OCLC, RLIN)
Topical term or geographic name as entry element MANAGEMENT-BUSINESS MANAGEMENT-HUMAN RESOURCE MANAGEMENT
710 2# - ADDED ENTRY--CORPORATE NAME
Corporate name or jurisdiction name as entry element Macdonald and Company
9 (RLIN) 3846
856 41 - ELECTRONIC LOCATION AND ACCESS
Uniform Resource Identifier <a href="https://www.macdonaldandcompany.com/content/dynamic.asp?id=910">https://www.macdonaldandcompany.com/content/dynamic.asp?id=910</a>
Public note View the item free of charge at www.macdonaldandcompany.com...
942 ## - ADDED ENTRY ELEMENTS (KOHA)
Suppress in OPAC 0
Holdings
Withdrawn status Lost status Source of classification or shelving scheme Damaged status Not for loan Home library Current library Shelving location Date acquired Total Checkouts Full call number Barcode Date last seen Copy number Price effective from Koha item type
    Dewey Decimal Classification     London London RICS Boxes 28/04/2008   RICS 2007/72 30071192 06/08/2019 2 06/08/2019 Book
    Dewey Decimal Classification     London London RICS Boxes 28/04/2008   RICS 2007/72 30071194 06/08/2019 3 06/08/2019 Reference material
    Dewey Decimal Classification     London London Reference copy 02/06/2009   RICS 2007/72 30071193 06/08/2019 4 06/08/2019 Archive
    Dewey Decimal Classification     Virtual Virtual Online 19/03/2008   ONLINE PUBLICATION 142887-1001 06/08/2019 1 06/08/2019 Book